| 000 | 01242pab a2200181 454500 | ||
|---|---|---|---|
| 008 | 180718b2009 xxu||||| |||| 00| 0 eng d | ||
| 100 | _aBhanja, Anjan Kumar | ||
| 245 | _aQuestion of minimum educational qualification for people's representatives | ||
| 260 | _c2009 | ||
| 300 | _ap.873-84. | ||
| 362 | _aJul-Sep | ||
| 520 | _aRepresentation of the People's Act, 1951 has not stipulated Minimum Educational Qualification for People's Representatives. Against this background the paper tries to investigate the probable mindset behind not prescribing any basic minimum educational qualification and also tries to explore the possibilities of introducing the same to make the quality of contributions of people's representatives at various levels especially as MLAs. Recent illumining incidents of striping off of office of persons with proven doubtful character go to convince that education allied with the concomitant ethical burden on the conscience of the person is a much-needed must for people who aspire to participate in politics and play significant role in various ministries. - Reproduced. | ||
| 650 | _aLegislations | ||
| 650 | _aParliament | ||
| 773 | _aIndian Journal of Political Science | ||
| 908 | _aN | ||
| 909 | _a85043 | ||
| 999 |
_c85043 _d85043 |
||